00548nam a2200205 a 4500001001300000003000900013005001700022008004100039020001000080082001400090100001900104245006900123260003700192300000900229500003500238505000600273650002000279650002400299700001900323nice12345678IN_TiNIC20260116015331.0090721s1999 usaa grp 000 0 eng  ac10000a230bSTO2 aStoner, Jean S aPreparing for Witness in Contextb 1998 Cook Theological Seminar aUSA bPresbyterian Church c1999 a404p aincludes index and biblioraphy2 ap aTheology-Modern aTheology-Contextual1 aStoner, Jean S